MDQL
is popping MORE tags! Check the
thread
!
Quizzes
Events
Quiz Creation
Community
Videos
Private Events
Remove Ads
Sign In
Join for FREE
Feedback
Dark Mode
Quiz Categories
Sports
Geography
Music
Movies
Television
Just For Fun
Miscellaneous
History
Literature
Language
Science
Gaming
Entertainment
Religion
Holiday
For Kids
Quiz Lab
Recent
Popular Today
Quiz Kudos Today
Editor Picks
Curator Picks
Quizzes by...
Day
Popularity
Type
Ratings
Length
Year
Community
Subscriptions
Recent Discussions
Orange Saloon
Badges
Playlists
Quests
Create
Leaderboards
Showdown
Live 5
Trivia Bingo
Activity
Puzzle Library
Sporcle Events
Private Events
Virtual Trivia
Globe League
Become a Host
Pub Owners
SporcleCon
Opinionation
Our Games
Videos
Blog
Mobile Apps
Partnerships
Remove Ads and Go Orange
Feedback
Movies
Disney
Marvel Cinematic Universe
Movie Resume
Movie Titles
Oscar
Actor
Actress
Director
Pixar
Role
Movie Quotes
Movie Characters
Box Office
Nominee
Best Picture
Star Wars
James Bond
Horror Movies
Movies
Disney
Marvel Cinematic Universe
Movie Resume
Movie Titles
Oscar
Actor
Actress
Director
Pixar
Role
Movie Quotes
Movie Characters
Box Office
Nominee
Best Picture
Star Wars
James Bond
Horror Movies
Random Quiz
Search Sporcle
×
Quiz Lab
Quiz Lab
Movies
Box Office
Type in answers that appear in a list
Type in answers that appear in a list
Classic
Best Score? Go Orange.
Top 50 Grossing Movies of 2008 Stats
Can you name the Top 50 Grossing Movies of 2008?
By
sharpboy088
6m
50 Questions
79 Plays
79 Plays
79 Plays
Comments
Comments
Give Quiz Kudos
Give Quiz Kudos
-
- Ratings
hide this ad
Replay
Link that replays current quiz
Next Quiz
Link to next quiz in quiz playlist
You Got
0%
They Got
Avg Score
28%
Avg Friend Score
Upgrade to see
Score Distribution
Jump to the score distribution portion of the page
Score
0/50
Timer
06:00
0
Plays Today
Rank
Movie
% Correct
1
The Dark Knight
77.2%
2
Iron Man
68.4%
5
Wall-E
68.4%
6
Kung Fu Panda
51.9%
15
Slumdog Millionaire
50.6%
4
Hancock
46.8%
23
Tropic Thunder
44.3%
3
Indiana Jones and the Kingdom of the Crystal Skull
43%
18
The Incredible Hulk
41.8%
8
Madagascar 2
39.2%
20
The Curious Case of Benjamin Button
39.2%
7
Twilight
38%
10
Horton Hears a Who
38%
9
Quantum of Solace
35.4%
13
Mamma Mia!
35.4%
19
Get Smart
35.4%
22
Bolt
34.2%
14
Marley and Me
32.9%
39
Cloverfield
32.9%
17
Wanted
31.6%
28
Step Brothers
31.6%
16
Prince Caspian
27.8%
34
Pineapple Express
27.8%
12
Gran Torino
26.6%
50
Forgetting Sarah Marshall
25.3%
Rank
Movie
% Correct
11
Sex and the City
24.1%
36
21
22.8%
42
Hellboy 2
22.8%
24
Bedtime Stories
21.5%
30
Yes Man
21.5%
26
Journey to the Center of the Earth
20.3%
21
Four Christmases
19%
25
The Mummy 3
19%
29
You Don't Mess With the Zohan
17.7%
32
Beverly Hills Chihuahua
17.7%
33
High School Musical 3
17.7%
31
10,000 B.C.
16.5%
41
27 Dresses
16.5%
47
Role Models
16.5%
49
The Happening
16.5%
37
What Happens in Vegas
15.2%
27
Eagle Eye
13.9%
35
Valkyrie
13.9%
40
The Day the Earth Stood Still
13.9%
44
The Spiderwick Chronicles
13.9%
38
Jumper
12.7%
45
Fool's Gold
11.4%
46
Seven Pounds
11.4%
43
Vantage Point
10.1%
48
Hannah Montana 3D
2.5%
Quiz Playlist
Details
Report
Send in Message
Add To Playlist
Classic:
Type in answers that appear in a list
Quiz Source
Last Updated: Feb 16, 2017
Quiz Scoreboard
CHALLENGE
Sign Up to Join the Scoreboard
Show All
Scores
Hide
Comments
May contain spoilers
Recently Published
Image Sorting: Flags VI
by Barbecue
Geography
2m
Find the 'City' Movie
by crazypaving
Movies
60s
Colored Red Africa Blitz
by spor1
Geography
45s
More to Explore
Quiz From the Vault
Featured Blog Post
14 Easter Pick-up Lines to Find Eggs With
hide this ad
You Might Also Like...
Tags
Box Office Quiz
2008
Top 50
Today's Top Quizzes in Movies
Browse Movies
hide this ad
Today's Top Quizzes in Box Office
Browse Box Office
Top Contributed Quizzes in Movies
1
Find The 'Big' Movie
2
Find The 'Blue' Movie
3
Find The 'Wild' Movie
4
Movies By Plot
5
The ultimate James Bond movie quiz
6
Hidden Star Wars Character II
7
Pick 5 Posters: Directed by Spielberg
8
Hidden Star Wars Character III
9
Hidden Star Wars Character IV
10
25 Best Actor Nominees (1990s)
Explore More
Trending Topics
Disney
NBA
Anime
Kpop
Harry Potter
Marvel
Crossword
WWE
Soccer
Song
Country
Pokémon
NFL
Puzzle
The Office
hide this ad
More By:
sharpboy088
Quiz
Plays
Rating
Category
Featured
Created
Capital Cities of Southeast Asia
2,961
4.00
Geography
Dec 7, 2010
Parts of a Nerve Cell
648
2.33
Science
Dec 8, 2010
2009-2010 Philadelphia Flyers Roster
208
3.33
Sports
Dec 7, 2010
1989-90 Season NFL Playoff Teams
182
5.00
Sports
Dec 8, 2010
Major Subway Sandwiches
151
2.67
Miscellaneous
Dec 9, 2010
Go to Creator's Profile
Score Distribution
Quiz Creator Spotlight
sharpboy088
Follow
Send a Message
Quizzes Created
-
Created Quiz Play Count
-
More By This Creator
Popular Quizzes Today
1
Colored Red Africa Blitz
2
Find the US States - No Outlines Minefield
3
Find the 'City' Movie
4
5x2 Blitz: Bands
5
The Countries of the World
6
Find the US States
7
Find the Countries of Europe - No Outlines Minefield
8
US States
More Movies Quizzes
Natalie Portman Needs a Job
Quiz Lab
Trending Quizzes
Colored Red Europe Blitz I
Colored Red Europe Blitz II
Colored Red Africa Blitz II
Colored Red Europe Blitz III
Colored Red Africa Blitz III
Recently Updated
How Do You Spell That?
pecheneg
Godzilla Movies
pecheneg
Grab Bag: 4-10 Letters
pecheneg
2024 March Madness Bracket
pecheneg
Famous TV Couples
Peacemaker
Champions League XIs: Real Madrid
pecheneg
Largest US Cities 1790-2010
pecheneg
Rides in Walt Disney World
pecheneg
Most Oscar Losses (Acting)
pecheneg
Beyoncé Albums
pecheneg
Trending Topics
Disney
Marvel
Kpop
Crossword
Anime
Harry Potter
NBA
Pokémon
Soccer
WWE
Puzzle
Song
The Office
NFL
Country
Your Account Isn't Verified!
In order to create a playlist on Sporcle, you need to verify the email address you used during registration. Go to your
Sporcle Settings
to finish the process.
Report this User
Report this user for behavior that violates our
Community Guidelines
.
Details:
Send Report
Go to the Sporcle.com Mobile Site →
Comments